What Is It You Don't Want Me to Do? Quiz Stats

Quiz not verified by Sporcle

Also try: Pie in the Face!
Challenge
Share
Tweet
Embed
Score 0/20 Timer 07:00
0 Plays Today
Start of song title Rest of Song title % Correct
Don't _____Speak
87.5%
(Don't ____) ___ ______Fear) The Reaper
79.2%
Don't __ _______ __ _____Go Breaking My Heart
75%
Don't _____ __ _____ __ __Stand so Close to Me
70.8%
Don't ___ (______ _____ __)You (Forget About Me)
70.8%
Don't __ _____Be Cruel
66.7%
Rikki Don't ____ ____ ______Lose That Number
62.5%
Don't ___ ____ __You Want Me
62.5%
Don't _____ ___ ____Dream It's Over
54.2%
Don't ____ ____ __ _____Look Back in Anger
50%
Start of song title Rest of Song title % Correct
You Don't ____ ______ ____ ___Mess Around with Jim
50%
Don't _____ __ ____Bring Me Down
50%
Don't ____ ___Know Why
45.8%
Don't ___ __ __ ____________Let Me Be Misunderstood
41.7%
Don't __ __ ____ ____Do Me Like That
41.7%
Don't __ ____ __ _____ ____ ____It Make My Brown Eyes Blue
41.7%
Don't _____ ____Worry Baby
37.5%
It Don't ____ _____Come Easy
29.2%
I Don't _____ ___ __ ___Blame You at All
20.8%
Don't __ _____ __ ___ ____Be Afraid of the Dark
20.8%

You're not logged in!

Compare scores with friends on all Sporcle quizzes.
Join for Free
OR
Log In

You Might Also Like...

Show Comments

Extras

Created Feb 2, 2013ReportNominate
Tags:Song Quiz, rest, start

Top Quizzes Today


Score Distribution

Your Account Isn't Verified!

In order to create a playlist on Sporcle, you need to verify the email address you used during registration. Go to your Sporcle Settings to finish the process.

Report this User

Report this user for behavior that violates our Community Guidelines.

Details: